Score 0/7 Timer 03:00
3 Plays Today
Question Answer Wrong Answers
This man’s circus begins its first tour of the United States.
1835
P. T. Barnum
91.7%
Norman Langill
2.1%
Larry Pisoni
3.5%
Jim Rose
2.2%
Guglielmo Marconi applies for a patent for his ______.
1896
Wireless Telegraph
75.1%
Elbow Pasta
9.3%
Internal Combustion Engine
8.5%
Vacuum Cleaner
5.5%
The Quartering Act is enacted in colonial America. This act, along with other laws passed by the British Parliament, came to be known as the ______.
1774
Intolerable Acts
70.6%
Insufferable Acts
18.9%
Unbearable Acts
6.2%
Unacceptable Acts
4.1%
Charles Rolls, a co-founder of Rolls-Royce Limited, becomes the first man to make a non-stop double crossing of this body of water by plane.
1910
English Channel
70%
Atlantic Ocean
21.6%
Mediterranean Sea
4.7%
Caspian Sea
1.3%
This former Egyptian president is sentenced to life imprisonment for his role in the killing of demonstrators during the 2011 Egyptian revolution.
2012
Hosni Mubarak
61.2%
Mohamed Morsi
12.6%
Ahmed Shafik
5.3%
Anwar Sadat
17%
US President ______ signs the Indian Citizenship Act into law, granting citizenship to all Native Americans born within the territorial limits of the United States.
1924
Calvin Coolidge
44.2%
Warren G. Harding
15.8%
Herbert Hoover
16.9%
Woodrow Wilson
20%
This American soccer star, a six-time winner of the US Soccer Athlete of the Year award, is born.
1980
Abby Wambach
27.8%
Hope Solo
25.9%
Landon Donovan
31.2%
Clint Dempsey
11.6%
Remove Ads.
Support Sporcle.
Get the best of Sporcle when you Go Orange. This ad-free experience offers more features, more stats, and more fun while also helping to support Sporcle. Thank you for becoming a member.

You're not logged in!

Compare scores with friends on all Sporcle quizzes.
OR
Log In

Show Comments

Extras

Top Quizzes Today


Score Distribution

Your Account Isn't Verified!

In order to create a playlist on Sporcle, you need to verify the email address you used during registration. Go to your Sporcle Settings to finish the process.

Report this User

Report this user for behavior that violates our Community Guidelines.

Details: